Loading...

Pracice of poetry /

Bibliografiske detaljer
Hovedforfatter: Skelton, Robin
Format: Printed Book
Sprog:English
Udgivet: London : Heinemann, 1971.
LEADER 00373nam a2200121Ia 4500
008 150624b xxu||||| |||| 00| 0 eng d
100 |a Skelton, Robin 
245 |a Pracice of poetry /  |c Robin Skelton 
260 |a London :  |b Heinemann,  |c 1971. 
300 |a 184 p. 
942 |c BK 
999 |c 23943  |d 23943 
952 |0 1  |1 0  |4 0  |7 0  |9 23942  |a UL  |b UL  |c ST1  |d 1998-08-27  |l 0  |p 35048  |r 2012-10-27  |w 2012-10-27  |y BK